000 00492nam a2200169 4500
001 113305
003 ES-MaACL
005 20230906185835.0
007 t|
008 061121s1963 sp r ||||1| spa d
100 1 _aNzekwu, Onuora.
_986272
245 1 0 _aVara de madera noble /
_cOnuora Nzekwu ; versión española de Roberto Melgar.
260 _aBarcelona :
_bCaralt,
_c1963.
300 _a208 p. ;
_c22 cm.
700 1 _aMelgar, Roberto.
_979949
852 _aES-MaACL
_jC-23913
_bR.52720
999 _c113305
_d113305